| 000 | 00983nam a22002297a 4500 | ||
|---|---|---|---|
| 999 |
_c15941 _d15941 |
||
| 003 | AR-CdUCM | ||
| 008 | 190430b ||||| |||| 00| 0 spa d | ||
| 040 |
_aMUNICIPALIDAD PROVINCIAL DEL CUSCO _cBIBLIOTECA MUNICIPAL DEL CUSCO |
||
| 082 |
_a350.02 / _bS42 |
||
| 100 |
_aSerafino, Nina M. _935189 |
||
| 245 | _aInvestigación y análisis para los parlamentos / | ||
| 260 |
_aWashington D.C. : _bEstados Unidos de América, _c1997. |
||
| 300 |
_a282 paginas ; _bCuadros, diagramas, _c28 cm. |
||
| 505 | _aContenido : Reflexiones sobre el cuerpo legislativo -- Las funciones de los analistas legislativos -- Normas profesionales y éticas que se deben seguir -- Desarrollo de una linea de producto... | ||
| 650 |
_aAnálisis legislativo _935190 |
||
| 650 |
_aLa audiencias _935191 |
||
| 650 |
_aPolíticas especificas _935192 |
||
| 700 |
_aRuiz, Yanina (traducción) _935193 |
||
| 710 |
_aCongress of the United States _935194 |
||
| 942 |
_2ddc _cLIBROS |
||
| 945 |
_awnts _d2019-04-30 |
||